000 00830nas a2200265 4500
001 BR0201534
003 BR-BrBNA
005 20231205102823.0
007 ta
008 230509b bl.|||p| |||| 00| 00por d
040 _aBR-BrBNA
_bpor
_cBiblioteca Nacional de Agricultura
041 _a(Pt)
072 _aH10
100 1 _aOmoto, C.
100 1 _aRibeiro, E.B.A. e P.C.
245 1 _aDetecção e monitoramento das resistência de Brevipalpus phoenicis (Geijsker)(Acari: Tenuipalpidae)ao dicofol
650 _aLaranja
650 _aÁcaro
650 _aLeprose
650 _aControle Químico
650 _aInseticida
773 0 _tAnais da Sociedade Entomológica do Brasil (Brazil)
_xISSN 0301-8059
_g(Dec 2000), v. 29(4) p. 757-764
_wBR0201534
909 _a202311
_bLúcia
_c55
_dLúcia Elande
942 _2AGRIS
_n0
_cANA
999 _c169510
_d169510